[Event "Tourn. n9764"]
[Site "www.chess-mail.com"]
[Date "2018.05.25"]
[Round "1"]
[White "Jose"]
[Black "Szustan"]
[WhiteElo "2760"]
[BlackElo "2670"]
[Result "1-0"]
[Round "1"]
1.c4 e5
2.g3 Ng8f6
3.Bf1g2 d5
4.cxd5 Nf6xd5
5.Nb1c3 Nd5b6
6.e3 Bf8e7
7.Ng1e2 O-O
8.O-O Nb8c6
9.f4 f6
10.f5 Bc8d7
11.d4 Qd8c8
12.g4 Rf8d8
13.b3 exd4
14.exd4 Bd7e8
15.Bc1b2 Be8f7
16.Qd1d2 Qc8d7
17.Ra1d1 Ra8b8
18.d5 Nc6b4
19.Ne2f4 c6
20.g5 fxg5
21.Nc3e4 Nb6xd5
22.Nf4xd5 Nb4xd5
23.f6 Be7b4
24.Qd2xg5 g6
25.Rd1d3 Rd8e8
26.Bg2h3 Qd7c7
27.Bh3f5 Re8xe4
28.Bf5xe4 Rb8e8
29.Qg5h4 Bb4c5
30.Kh1 Qc7d7
31.Rd3h3 Qd7xh3
32.Qh4xh3 Re8xe4
33.Rf1d1 Re4e8
34.b4 Nd5xb4
35.Qh3d7 Re8e1
36.Kg2 Re1e2
37.Kf3 Re2e3
38.Kf4 Re3e8
39.Bb2d4 Bc5xd4
40.Rd1xd4 Nb4d5
41.Kg3 Nd5xf6
42.Qd7xb7 Bf7xa2
43.Rd4a4 Ba2f7
44.Qb7xc6 Nf6h5
45.Kf3 Nh5g7
46.Ra4xa7 Re8f8
47.Kg2 Bf7e8
48.Qc6b7 Be8f7
49.Ra7a8 Ng7e6
50.Ra8xf8 Kxf8
51.Qb7b8 { resign }
1-0

[Event "Match"]
[Site "www.echecsemail.com"]
[Date "2018.05.25"]
[Round "1"]
[White "Tonino1"]
[Black "Hundegana"]
[WhiteElo "1950"]
[BlackElo "2060"]
[Result "1-0"]
[Round "1"]
1.d4 g6
2.f4 e6
3.e3 Ng8f6
4.Bf1d3 Nb8c6
5.c3 Bf8g7
6.Ng1f3 h6
7.O-O O-O
8.Nb1d2 a6
9.e4 d6
10.Qd1e2 e5
11.d5 Nc6e7
12.fxe5 dxe5
13.Nf3xe5 Rf8e8
14.Ne5xf7 Kxf7
15.e5 Ne7xd5
16.Qe2e4 Bc8f5
17.Rf1xf5 gxf5
18.Qe4xf5 Qd8c8
19.Qf5g6 Kf8
20.exf6 Nd5xf6
21.Nd2f3 Qc8d7
22.Bc1xh6 Qd7f7
23.Qg6xf7 Kxf7
24.Nf3g5 Kf8
25.Ra1f1 Bg7xh6
26.Rf1xf6 Kg7
27.Rf6g6 Kf8
28.Rg6xh6 Ke7
29.Rh6e6 Kd7
30.Re6xe8 Ra8xe8
31.h4 a5
32.h5 Ke7
33.h6 Kf6
34.Ng5e4 Kf7
35.g4 Re8d8
36.Bd3c2 b6
37.Kf2 Kg8
38.g5 Rd8f8
39.Ne4f6 Kh8
40.Kg3 Rf8d8
41.g6 Rd8g8
42.Nf6xg8 Kxg8
43.Kf4 c5
44.Kf5 b5
45.Kf6 b4
46.h7 Kh8
47.g7 { resign }
1-0

[Event "Match"]
[Site "www.echecsemail.com"]
[Date "2018.05.25"]
[Round "1"]
[White "Mdesouza"]
[Black "Iituchess"]
[WhiteElo "2290"]
[BlackElo "1809"]
[Result "1-0"]
[Round "1"]
1.e4 e5
2.Ng1f3 Nb8c6
3.Bf1b5 Ng8f6
4.d3 d6
5.a3 Bf8e7
6.Nb1c3 O-O
7.h3 Nc6d4
8.Nf3xd4 exd4
9.Nc3e2 c5
10.O-O d5
11.e5 Nf6d7
12.f4 Nd7b6
13.c3 dxc3
14.bxc3 f6
15.d4 c4
16.Bb5a4 Nb6xa4
17.Qd1xa4 Bc8f5
{ time. }
1-0

[Event "Match"]
[Site "www.echecsemail.com"]
[Date "2018.05.25"]
[Round "1"]
[White "Cal"]
[Black "Sonny1000"]
[WhiteElo "1680"]
[BlackElo "1530"]
[Result "1-0"]
[Round "1"]
1.c4 e5
2.e4 Bf8c5
3.Ng1f3 f6
4.a3 Ng8e7
5.d3 Ne7g6
6.Nb1d2 c6
7.Bf1e2 Ng6f4
8.h3 Nf4xe2
9.Qd1xe2 h5
10.O-O a5
11.b3 d6
12.Bc1b2 h4
13.Nf3h2 Qd8b6
14.Nh2g4 a4
15.b4 Nb8a6
16.Bb2c3 Bc5xb4
17.axb4 Bc8e6
18.Ra1xa4 Na6c7
19.Nd2f3 Ra8xa4
20.Ng4e3 Ra4a3
21.Qe2d2 Qb6a6
22.b5 Nc7xb5
23.cxb5 cxb5
24.Bc3b4 Ra3a4
25.Rf1c1 Ke7
26.Rc1c7 Be6d7
27.Ne3f5 Kd8
28.Bb4xd6 Ra4a1
29.Kh2 Bd7xf5
30.exf5 b4
31.Qd2c2 Qa6xd6
32.Rc7xb7 Ke8
33.Qc2c8 Qd6d8
34.Qc8e6 Qd8e7
35.Qe6xe7 { resign }
1-0

[Event "Match"]
[Site "www.echecsemail.com"]
[Date "2018.05.25"]
[Round "1"]
[White "Sonny1000"]
[Black "Whitekknight"]
[WhiteElo "1570"]
[BlackElo "1890"]
[Result "0-1"]
[Round "1"]
1.e4 e5
2.Ng1f3 Nb8c6
3.c3 Ng8f6
4.Bf1b5 a6
5.Bb5xc6 bxc6
6.Nf3xe5 Bf8d6
7.d4 Bd6xe5
8.dxe5 Nf6xe4
9.Qd1e2 Ne4c5
10.Qe2c4 Qd8e7
11.O-O O-O
12.Qc4e2 Nc5e6
13.Rf1d1 Bc8b7
14.Bc1h6 gxh6
15.Qe2e3 Qe7g5
16.Rd1xd7 Ra8d8
17.Rd7xd8 Rf8xd8
18.g3 Rd8d1
19.Kg2 Qg5xe3
20.b4 Qe3xe5
21.a4 Ne6g5
22.h4 c5
23.Kh2 Rd1h1

0-1

[Event "Match"]
[Site "www.echecsemail.com"]
[Date "2018.05.25"]
[Round "1"]
[White "Dussek"]
[Black "Usmehs"]
[WhiteElo "1670"]
[BlackElo "1499"]
[Result "0-1"]
[Round "1"]
1.e4 c5
2.c3 d6
3.d4 cxd4
4.cxd4 Ng8f6
5.Nb1c3 g6
6.Ng1f3 Bf8g7
7.Bf1e2 O-O
8.O-O a6
9.Bc1d2 Qd8b6
10.Ra1b1 Bc8g4
11.Bd2e3 Qb6a5
12.Be3d2 Qa5b6
13.h3 Bg4e6
14.d5 Be6d7
15.Bd2e3 Qb6b4
16.a3 Qb4a5
17.Be3d2 Qa5b6
18.Nc3a4 Bd7xa4
19.Qd1xa4 Nb8d7
20.b4 Nf6xe4
21.Bd2e3 Qb6d8
22.Be3d2 Ne4xd2
23.Nf3xd2 a5
24.Rb1c1 axb4
25.Qa4xb4 Nd7c5
26.Nd2b3 b6
27.Be2b5 Bg7b2
28.Rc1c2 Bb2xa3
29.Qb4c3 Nc5xb3
30.Qc3xb3 Ba3c5
31.Bb5c6 Ra8a3
32.Qb3b2 Ra3a5
33.Rf1a1 Ra5xa1
34.Qb2xa1 Qd8c8
35.Qa1a7 e6
36.Bc6b7 Qc8c7
37.dxe6 fxe6
38.Qa7a6 d5
39.Rc2e2 Rf8b8
40.Re2xe6 Qc7xb7
41.Qa6e2 Qb7f7
42.Re6e5 Rb8a8
43.Kh2 Bc5d6
{ resign }
0-1

[Event "Match"]
[Site "www.echecsemail.com"]
[Date "2018.05.25"]
[Round "1"]
[White "Geodad5"]
[Black "Fegatux"]
[WhiteElo "2200"]
[BlackElo "2320"]
[Result "0-1"]
[Round "1"]
1.e4 e5
2.Ng1f3 Nb8c6
3.d4 exd4
4.Nf3xd4 Ng8f6
5.Nd4xc6 bxc6
6.f3 Bf8c5
7.Bf1c4 O-O
8.Bc1g5 Qd8e7
9.Qd1e2 Qe7e5
10.Bg5xf6 Qe5xf6
11.c3 Rf8e8
12.Nb1d2 d5
13.Bc4d3 a5
14.O-O-O a4
15.Nd2b1 Bc8f5
16.Qe2c2 Bc5e3
17.Nb1d2 Bf5g6
18.Kb1 Ra8b8
19.Rh1e1 d4
20.Nd2c4 Be3h6
21.e5 Qf6e6
22.cxd4 Rb8b4
23.Nc4a5 Re8b8
24.b3 axb3
25.Na5xb3 Rb4xd4
26.Bd3xg6 Rd4xd1
27.Qc2xd1 Qe6xg6
28.Qd1c2 Qg6e6
29.g3 g6
30.f4 Bh6f8
31.Re1d1 Bf8a3
32.Rd1d3 c5
{ resign }
0-1

[Event "Match"]
[Site "www.echecsemail.com"]
[Date "2018.05.25"]
[Round "1"]
[White "Ikke"]
[Black "Yakke"]
[WhiteElo "1149"]
[BlackElo "1780"]
[Result "0-1"]
[Round "1"]
1.b3 d5
2.Nb1c3 a6
3.g3 e5
4.d3 Bf8b4
5.Bc1d2 Nb8c6
6.a3 Bb4a5
7.e3 Qd8f6
8.Nc3xd5 Qf6d6
9.Nd5xc7 Ba5xc7
10.h4 Ng8f6
11.b4 b5
12.Bd2c3 O-O
13.h5 h6
14.Qd1b1 Bc8g4
15.f3 Bg4xh5
16.Qb1d1 e4
17.Ng1h3 Bh5xf3
18.Qd1d2 Bf3xh1
19.Kd1 Qd6xg3
20.Kc1 Nf6g4
21.dxe4 Ng4xe3
22.Kb2 Bh1xe4
23.Ra1c1 Be4f5
24.Qd2xe3 Qg3xe3
25.Bf1g2 Bc7e5
26.Kb1 Qe3xc3
27.Bg2xc6 Qc3a1

0-1

[Event "Match"]
[Site "www.echecsemail.com"]
[Date "2018.05.25"]
[Round "1"]
[White "Jovaras"]
[Black "Irene"]
[WhiteElo "2150"]
[BlackElo "2010"]
[Result "1-0"]
[Round "1"]
1.e4 e5
2.Ng1f3 Nb8c6
3.Bf1b5 a6
4.Bb5a4 Ng8f6
5.O-O Bf8d6
6.c3 O-O
7.d4 exd4
8.cxd4 Nf6xe4
9.Nb1c3 Rf8e8
10.Rf1e1 Ne4f6
11.Bc1g5 Bd6e7
12.Qd1d2 b5
13.Ba4c2 b4
14.Nc3e2 b3
15.Bc2xb3 Be7b4
16.Ne2c3 Nc6e7
17.Bg5xf6 gxf6
18.Qd2h6 Ne7f5
19.Re1xe8 Qd8xe8
20.Qh6xf6 Nf5d6
21.Ra1e1 Qe8f8
22.Re1e5 Nd6e8
23.Re5g5 Ne8g7
24.Nf3e5 Bb4e7
25.Rg5xg7 Qf8xg7
26.Qf6xe7 Bc8b7
27.f3 Ra8f8
28.Nc3e4 Bb7xe4
29.fxe4 d6
30.Ne5d7 Qg7xd4
31.Kh1 Qd4g7
32.Qe7xf8 Qg7xf8
33.Nd7xf8 Kxf8
34.g4 Kg7
35.Kg2 Kg6
36.Kf3 f6
37.h4 h5
38.Bb3e6 c5
39.Kf4 a5
40.Be6f5 Kh6
41.g5 fxg5
42.hxg5 Kg7
43.Bf5d7 Kg6
44.Bd7e8 Kg7
45.Be8xh5 { resign }
1-0

[Event "Match"]
[Site "www.echecsemail.com"]
[Date "2018.05.25"]
[Round "1"]
[White "Guidom"]
[Black "Tonino1"]
[WhiteElo "2110"]
[BlackElo "1950"]
[Result "1-0"]
[Round "1"]
1.e4 d6
2.d4 Ng8f6
3.Bf1d3 c6
4.Bc1g5 g6
5.Ng1f3 Bf8g7
6.c3 O-O
7.O-O Nb8d7
8.Nb1d2 Qd8c7
9.Ra1c1 e5
10.b4 h6
11.Bg5h4 g5
12.Bh4g3 Nf6h5
13.a4 Nh5f4
14.Bg3xf4 exf4
15.Rf1e1 b6
16.c4 Rf8e8
17.d5 c5
18.b5 Nd7e5
19.Nf3xe5 Bg7xe5
20.Qd1h5 Kg7
21.Nd2f3 Bc8b7
22.h4 f6
23.hxg5 fxg5
24.Nf3xe5 dxe5
25.f3 Qc7f7
26.Qh5xf7 Kxf7
27.Kf2 Re8h8
28.Re1h1 h5
29.Rc1a1 g4
30.a5 g3
31.Ke2 h4
32.axb6 axb6
33.Ra1xa8 Bb7xa8
34.Ke1 Ba8b7
35.Bd3f1 Kg6
36.Kd2 Kg5
37.Ke2 Rh8a8
38.Kd2 Ra8a2
39.Ke1 Bb7c8
40.Kd1 h3
41.gxh3 g2
42.h4 Kh5
43.Rh1g1 gxf1Q
44.Rg1xf1 Ra2a1
45.Ke2 Ra1xf1
46.Kxf1 Kxh4
47.Kg2 Bc8d7
48.Kh2 Kg5
49.Kg2 Kf6
50.Kf2 Ke7
51.Kg2 Kd6
52.Kf2 Bd7xb5
53.cxb5 c4
54.Ke2 Kc5
55.Kd2 Kxb5
56.Kc3 Kc5
57.Kb2 b5
58.Kc1 c3
59.Kc2 b4
60.Kb3 Kb5
61.Kc2 Kc5
62.Kb3 Kd4
63.d6 Ke3
64.d7 Kxf3
65.d8Q Ke2
66.Kc2 f3
67.Qd8d3 Kf2
68.Qd3d5 Ke1
69.Qd5xe5 f2
70.Qe5g3 Ke2
71.Qg3d3 Ke1
72.Qd3d1 
1-0

[Event "Tourn. n9841"]
[Site "www.echecsemail.com"]
[Date "2018.05.25"]
[Round "1"]
[White "Mitja"]
[Black "Bojan"]
[WhiteElo "2020"]
[BlackElo "2010"]
[Result "1-0"]
[Round "1"]
1.d4 g6
2.e3 Bf8g7
3.c3 d5
4.h3 a6
5.Ng1f3 Nb8c6
6.Nb1d2 Qd8d6
7.b3 e5
8.dxe5 Nc6xe5
9.Nf3xe5 Bg7xe5
10.Bc1b2 c5
11.Nd2f3 Be5g7
12.Bf1e2 Ng8e7
13.O-O Bc8d7
14.a4 O-O
15.Qd1c2 Rf8e8
16.Rf1d1 Bd7f5
17.Qc2d2 h5
18.Ra1b1 Bf5xb1
19.Rd1xb1 Bg7h6
20.Qd2c2 Ne7f5
21.c4 dxc4
22.Be2xc4 Re8e7
23.Rb1d1 Qd6c6
24.Nf3e5 Qc6c7
25.Ne5xg6 Nf5d6
26.Ng6xe7 Qc7xe7
27.Qc2g6 { resign }
1-0

[Event "Tourn. n9827"]
[Site "www.echecsemail.com"]
[Date "2018.05.25"]
[Round "1"]
[White "Juheset"]
[Black "Fantomas"]
[WhiteElo "1980"]
[BlackElo "2140"]
[Result "0-1"]
[Round "1"]
1.f4 d6
2.e4 e5
3.Qd1f3 Bf8e7
4.f5 Bc8d7
5.g3 Nb8c6
6.Bf1c4 Ng8f6
7.d3 Nc6d4
8.Qf3g2 b5
9.Bc4b3 a5
10.c3 Nd4xb3
11.axb3 Ra8a6
12.Bc1e3 Qd8a8
13.c4 b4
14.Nb1d2 Bd7xf5
15.Ng1f3 Bf5d7
16.Nf3g5 Nf6g4
17.Be3g1 Be7xg5
{ resign }
0-1

[Event "Match"]
[Site "www.echecsemail.com"]
[Date "2018.05.25"]
[Round "1"]
[White "Pachi"]
[Black "Lug47"]
[WhiteElo "1690"]
[BlackElo "1499"]
[Result "1-0"]
[Round "1"]
1.e4 Nb8c6
2.d4 e5
3.c3 Ng8f6
4.f3 Bf8d6
5.Bc1g5 O-O
6.Bg5xf6 Qd8xf6
7.Nb1d2 exd4
8.Qd1b3 Bd6f4
9.Nd2c4 dxc3
10.bxc3 Rf8e8
11.g3 Bf4g5
12.h4 Bg5h6
13.Bf1d3 d5
14.g4 Bc8e6
15.g5 Qf6g6
16.gxh6 Qg6g3
17.Kd1 dxc4
18.Bd3xc4 Ra8d8
19.Kc2 a6
20.hxg7 Qg3g2
21.Ng1e2 Qg2xe2
22.Bc4xe2 Be6xb3
23.axb3 Nc6a5
24.Ra1xa5 b6
25.Ra5xa6 Re8e5
26.Rh1g1 c5
27.Ra6xb6 Rd8a8
28.Be2d1 Ra8a2
29.Kd3 c4
30.bxc4 Ra2f2
31.Rb6b8 { resign }
1-0

[Event "1/64 Finale"]
[Site "www.chess-mail.com"]
[Date "2018.05.25"]
[Round "1"]
[White "Coolant"]
[Black "Stepanpech"]
[WhiteElo "2330"]
[BlackElo "2450"]
[Result "0-1"]
[Round "1"]
1.g4 d5
2.Bf1g2 c6
3.h3 e5
4.d3 h5
5.g5 Ng8e7
6.Ng1f3 Ne7g6
7.h4 Bc8g4
8.Nb1c3 Nb8d7
9.e4 Bf8b4
10.Bc1d2 Bb4xc3
11.Bd2xc3 Ng6f4
12.O-O f6
13.gxf6 Qd8xf6
14.exd5 Nf4xg2
15.Kxg2 O-O
{ resign }
0-1

[Event "Tourn. n9777"]
[Site "www.chess-mail.com"]
[Date "2018.05.26"]
[Round "1"]
[White "Fabos12"]
[Black "Attatroll"]
[WhiteElo "1880"]
[BlackElo "2010"]
[Result "1-0"]
[Round "1"]
1.d4 f5
2.c4 Ng8f6
3.Ng1f3 e6
4.Nb1c3 d5
5.cxd5 exd5
6.Bc1g5 Bf8e7
7.e3 O-O
8.Bf1d3 c6
9.h4 h6
10.Bg5xf6 Be7xf6
11.Qd1c2 Nb8d7
12.O-O-O Bf6e7
13.Bd3xf5 Nd7f6
14.Nf3e5 Bc8xf5
15.Qc2xf5 Nf6d7
16.Qf5e6 Kh8
17.Ne5g6 Kh7
18.Ng6xf8 Nd7xf8
19.Qe6f5 Kh8
20.e4 dxe4
21.Nc3xe4 Qd8d5
22.Qf5xd5 cxd5
23.Ne4g3 Ra8c8
24.Kb1 Be7f6
25.Ng3f5 Nf8e6
26.h5 Ne6f4
27.g3 Nf4e2
28.Rh1e1 Rc8e8
29.Nf5e3 Ne2xd4
30.Ne3xd5 Re8xe1
31.Rd1xe1 Nd4f3
32.Re1e8 Kh7
33.Nd5f4 Nf3d2
34.Kc2 Nd2c4
35.Nf4g6 { resign }
1-0

[Event "Tourn. n9773"]
[Site "www.chess-mail.com"]
[Date "2018.05.26"]
[Round "1"]
[White "Usmehs"]
[Black "Reignblowcan"]
[WhiteElo "1799"]
[BlackElo "1499"]
[Result "0-1"]
[Round "1"]
1.c4 c5
2.Nb1c3 Ng8f6
3.e4 Nb8c6
4.d3 g6
5.Ng1e2 d6
6.Bc1g5 Bf8g7
7.g3 O-O
8.Qd1d2 Nf6g4
9.h3 f6
10.hxg4 fxg5
11.O-O-O Rf8xf2
12.Qd2xg5 Qd8f8
13.Qg5h4 h5
14.gxh5 Bg7h6
15.Kb1 g5
16.Qh4h2 Rf2xh2
17.Rh1xh2 Bc8g4
18.Bf1h3 Bg4xh3
19.Rh2xh3 Qf8f3
20.Rh3h1 Bh6g7
21.h6 Bg7xc3
22.Ne2xc3 Ra8f8
23.h7 Kh8
24.g4 Nc6e5
25.Ka1 Ne5xd3
26.Nc3d5 Qf3g2
27.Rd1b1 Rf8f2
28.Nd5xe7 Qg2xe4
29.Ne7f5 Nd3b4
30.Rh1c1 Qe4c2
31.Rc1e1 Qc2a4
32.a3 Qa4xa3
 { time }
0-1

[Event "Tourn. n9712"]
[Site "www.chess-mail.com"]
[Date "2018.05.26"]
[Round "1"]
[White "Jaroslavpech"]
[Black "Tobernor"]
[WhiteElo "2390"]
[BlackElo "2250"]
[Result "1/2-1/2"]
[Round "1"]
1.e4 e5
2.Ng1f3 Nb8c6
3.Bf1b5 a6
4.Bb5a4 Ng8f6
5.O-O Bf8e7
6.Rf1e1 b5
7.Ba4b3 d6
8.c3 O-O
9.h3 Nc6b8
10.d4 Nb8d7
11.Nb1d2 Bc8b7
12.Bb3c2 Rf8e8
13.Nd2f1 Be7f8
14.Nf1g3 g6
15.a4 c5
16.d5 c4
17.Bc1g5 h6
18.Bg5e3 Nd7c5
19.Qd1d2 h5
20.Be3xc5 dxc5
21.Re1b1 Qd8c7
22.Qd2g5 Nf6h7
23.Qg5e3 Ra8b8
24.Ng3f1 Nh7f6
25.Nf1d2 Bb7c8
26.Ra1a3 Bc8b7
27.Qe3e2 Bb7c8
28.axb5 axb5
29.Rb1a1 Bf8h6
30.Qe2d1 Qc7d6
31.Bc2b1 Re8e7
32.Ra3a5 Nf6e8
{ draw }
1/2-1/2

[Event "Tourn. n9811"]
[Site "www.echecsemail.com"]
[Date "2018.05.26"]
[Round "1"]
[White "Andychesston"]
[Black "Ll69"]
[WhiteElo "2110"]
[BlackElo "2180"]
[Result "0-1"]
[Round "1"]
1.e4 e6
2.d4 d5
3.exd5 exd5
4.Ng1f3 Bf8d6
5.Nb1c3 c6
6.Bf1e2 Ng8f6
7.Bc1g5 O-O
8.Qd1d3 h6
9.Bg5h4 Rf8e8
10.O-O-O b5
11.Kb1 b4
12.Nc3a4 Bc8a6
13.Qd3f5 Ba6xe2
14.Rd1e1 Qd8d7
15.Qf5xd7 Nb8xd7
16.Nf3e5 Bd6xe5
17.Re1xe2 Be5xd4
18.Rh1e1 Re8xe2
19.Re1xe2 Kf8
20.c3 bxc3
21.bxc3 Ra8b8
22.Kc2 Bd4e5
23.f3 Be5xh2
24.Bh4f2 Bh2d6
25.g4 Nd7e5
26.Bf2c5 Bd6xc5
27.Na4xc5 Ne5xf3
28.Re2e3 Nf3g5
29.Kd3 Ng5e4
30.Nc5a6 Rb8b6
31.Na6b4 a5
32.Nb4c2 Nf6xg4
33.Re3e1 Rb6b2
34.Nc2d4 Rb2d2

0-1

[Event "Match"]
[Site "www.echecsemail.com"]
[Date "2018.05.26"]
[Round "1"]
[White "Jackbauer"]
[Black "Tonino1"]
[WhiteElo "1830"]
[BlackElo "1950"]
[Result "0-1"]
[Round "1"]
1.e4 d6
2.Nb1c3 Ng8f6
3.f4 e5
4.d3 c6
5.h3 Bf8e7
6.Ng1f3 Qd8c7
7.Bf1e2 Nf6h5
8.O-O Nh5g3
9.Rf1e1 Ng3xe2
10.Nc3xe2 O-O
11.f5 f6
12.a3 Qc7b6
13.d4 Nb8d7
14.Bc1e3 Qb6xb2
15.Qd1d3 Qb2b5
16.c4 Qb5a5
17.Be3d2 Qa5c7
18.g4 exd4
19.Ne2xd4 Nd7e5
20.Nf3xe5 dxe5
21.Nd4f3 Rf8d8
22.Qd3e3 Rd8d4
23.Nf3xd4 Be7c5
24.Bd2c3 Qc7b6
25.Ra1b1 Qb6a6
26.Bc3b2 Qa6xc4
27.Re1c1 Qc4b5
28.Bb2c3 Qb5a4
29.Rb1b3 exd4
30.Bc3xd4 Bc5xd4
{ resign }
0-1

[Event "Match"]
[Site "www.echecsemail.com"]
[Date "2018.05.26"]
[Round "1"]
[White "Karlgrocer"]
[Black "Fegatux"]
[WhiteElo "2010"]
[BlackElo "2350"]
[Result "0-1"]
[Round "1"]
1.Ng1f3 Ng8f6
2.d4 d6
3.e3 Bc8g4
4.Bf1e2 e6
5.O-O Bf8e7
6.Nb1d2 Nb8d7
7.a3 O-O
8.b4 c5
9.c3 b6
10.Bc1b2 d5
11.Nf3e1 Bg4xe2
12.Qd1xe2 Qd8c7
13.Ra1c1 c4
14.g3 b5
15.Ne1g2 e5
16.dxe5 Nd7xe5
17.Ng2e1 a5
18.Nd2f3 Nf6g4
19.Nf3xe5 Ng4xe5
20.f4 Ne5c6
21.Ne1f3 Be7f6
22.Rf1d1 Ra8d8
23.e4 dxe4
24.Qe2xe4 axb4
25.axb4 Nc6xb4
26.cxb4 Bf6xb2
27.Rd1xd8 Qc7xd8
28.Rc1c2 Rf8e8
29.Nf3e5 Bb2xe5
30.fxe5 Qd8e7
31.Rc2e2 Qe7xb4
32.Qe4d5 h6
33.Re2f2 Re8e7
34.Qd5a8 Kh7
35.Qa8e4 g6
36.Rf2f4 Qb4c5
37.Kg2 c3
38.Rf4f2 Kg7
39.Rf2c2 b4
40.Kh3 Re7xe5
41.Qe4g2 Re5h5
42.Kg4 Qc5f5
{ resign }
0-1

[Event "Match"]
[Site "www.echecsemail.com"]
[Date "2018.05.26"]
[Round "1"]
[White "Micheles"]
[Black "Fegatux"]
[WhiteElo "2630"]
[BlackElo "2310"]
[Result "1-0"]
[Round "1"]
1.d4 d5
2.Ng1f3 Ng8f6
3.Bc1g5 Nf6e4
4.Bg5h4 c5
5.dxc5 Nb8c6
6.e3 g6
7.Nb1d2 Ne4xc5
8.Nd2b3 Bf8g7
9.c3 Nc5e4
10.Bf1d3 Bc8g4
11.h3 Bg4xf3
12.Qd1xf3 Nc6e5
13.Bd3b5 Ne5c6
14.Ra1d1 f5
15.O-O O-O
16.Bb5c4 Ne4d6
17.Bc4xd5 Kh8
18.Nb3c5 Nc6e5
19.Qf3e2 Qd8b6
20.Nc5e6 Rf8e8
21.f3 Bg7f6
22.Bh4f2 Ra8c8
23.e4 Qb6a5
24.f4 fxe4
25.fxe5 Bf6xe5
26.Bd5xe4 Qa5xa2
27.Be4d5 { resign }
1-0

[Event "Match"]
[Site "www.echecsemail.com"]
[Date "2018.05.26"]
[Round "1"]
[White "Gambitmiau"]
[Black "Hundegana"]
[WhiteElo "1940"]
[BlackElo "2030"]
[Result "0-1"]
[Round "1"]
1.e4 c5
2.Ng1f3 b6
3.Bf1c4 e6
4.d4 Bc8b7
5.Nf3e5 g6
6.d5 Bf8g7
7.Bc1f4 d6
8.Ne5xf7 Kxf7
9.dxe6 Ke7
10.e5 dxe5
11.Bf4d2 Qd8d4
12.Qd1e2 Qd4xb2
13.Bd2c3 Qb2c1
14.Qe2d1 Qc1xd1
15.Kxd1 Ng8h6
16.f3 Rh8d8
17.Nb1d2 Nh6f5
18.Ke2 Nf5d4
19.Bc3xd4 cxd4
20.Ra1b1 Nb8a6
21.Rh1e1 Ra8c8
22.Kf2 Na6c5
23.Nd2b3 Nc5a4
24.Bc4d3 Kxe6
25.Nb3a5 Bb7d5
26.Na5b3 Bd5xb3
27.cxb3 Na4c3
28.Rb1b2 Rc8c7
29.f4 Rd8f8
30.Kg1 Rf8xf4
31.Bd3c4 Kd6
32.g3 Rf4f6
33.Rb2d2 b5
34.Bc4d3 Bg7h6
35.Rd2c2 a6
36.a4 Rf6f3
37.Kg2 Rf3xd3
38.axb5 axb5
39.b4 Rc7a7
40.Re1f1 Ke6
41.Rc2f2 Nc3e4
42.Rf2c2 Ne4c3
43.g4 Rd3d2
44.Rf1f2 Rd2xf2
45.Rc2xf2 Ra7a2
{ resign }
0-1

[Event "1/8 Finale"]
[Site "www.chess-mail.com"]
[Date "2018.05.26"]
[Round "1"]
[White "Vgrynyuk"]
[Black "Chessington"]
[WhiteElo "2840"]
[BlackElo "2810"]
[Result "1/2-1/2"]
[Round "1"]
1.e4 e6
2.d4 d5
3.Nb1c3 Ng8f6
4.Bc1g5 Bf8e7
5.e5 Nf6d7
6.Bg5xe7 Qd8xe7
7.f4 O-O
8.Ng1f3 c5
9.Qd1d2 a6
10.Nc3e2 Nb8c6
11.c3 b5
12.Ne2g3 Nd7b6
13.b3 c4
14.Bf1e2 a5
15.O-O b4
16.Ra1c1 a4
17.bxc4 Nb6xc4
18.Be2xc4 dxc4
19.cxb4 Qe7xb4
20.Qd2f2 Ra8b8
21.Rf1d1 Qb4a3
22.Rc1xc4 Nc6e7
23.Rc4c2 Bc8b7
24.Nf3e1 Rf8c8
25.Rc2d2 Bb7a6
26.Ng3e4 Rc8c1
27.Rd1xc1 Qa3xc1
28.Ne4c5 Ba6b5
29.h3 Bb5c6
30.Nc5d3 Qc1c3
31.Rd2b2 Rb8d8
32.Rb2b4 h5
33.Qf2h4 Rd8e8
34.Qh4f2 Re8d8
35.Qf2h4 Rd8e8
36.Qh4f2 Re8d8
37.Qf2h4 { draw }
1/2-1/2

[Event "1/128 Finale"]
[Site "www.chess-mail.com"]
[Date "2018.05.26"]
[Round "1"]
[White "Mitja"]
[Black "Claudia"]
[WhiteElo "1990"]
[BlackElo "1960"]
[Result "0-1"]
[Round "1"]
1.d4 Ng8f6
2.e3 g6
3.c3 Bf8g7
4.Ng1f3 O-O
5.Nb1d2 d6
6.b3 Nb8d7
7.Bc1b2 e5
8.dxe5 Nd7xe5
9.Nf3xe5 dxe5
10.e4 Bc8g4
11.f3 Bg4e6
12.Qd1c2 Qd8e7
13.a4 Rf8d8
14.Bf1e2 Nf6h5
15.Nd2f1 f5
16.Ra1d1 Nh5f4
17.Rd1xd8 Ra8xd8
18.Kf2 Qe7c5
19.Nf1e3 Nf4xg2
20.Kxg2 Qc5xe3
21.Rh1d1 Rd8xd1
22.Be2xd1 fxe4
23.fxe4 Be6h3
24.Kh1 Qe3e1
{ resign }
0-1

[Event "1/64 Finale"]
[Site "www.chess-mail.com"]
[Date "2018.05.26"]
[Round "1"]
[White "Mitja"]
[Black "Drawlward"]
[WhiteElo "2000"]
[BlackElo "2650"]
[Result "0-1"]
[Round "1"]
1.d4 Ng8f6
2.e3 g6
3.c3 Bf8g7
4.b3 O-O
5.Bc1b2 d5
6.Ng1f3 c5
7.dxc5 Nb8c6
8.Nb1d2 Nf6d7
9.b4 Nc6xb4
10.cxb4 Bg7xb2
11.Ra1b1 Bb2g7
12.a3 e5
13.Nd2b3 e4
14.Nf3d4 Nd7e5
15.Bf1e2 Qd8g5
16.Be2f1 b6
17.cxb6 axb6
18.Rb1a1 Bc8d7
19.Qd1c2 Bd7a4
20.Qc2b2 Ne5d3
21.Bf1xd3 Qg5xg2
22.Ke2 exd3
23.Kxd3 Ba4b5
24.Kd2 Qg2xf2
25.Kc1 Qf2xe3
26.Qb2d2 Ra8c8
27.Kd1 Qe3e4
28.Rh1e1 Qe4g4
29.Nd4e2 Qg4f3
30.Ra1c1 Qf3xb3
31.Rc1c2 Bb5a4
32.Ne2c1 Qb3f3
{ resign }
0-1

[Event "Tourn. n9690"]
[Site "www.chess-mail.com"]
[Date "2018.05.27"]
[Round "1"]
[White "Ff333"]
[Black "Sahlapalat"]
[WhiteElo "1990"]
[BlackElo "2090"]
[Result "1/2-1/2"]
[Round "1"]
1.e4 c5
2.Ng1f3 d6
3.d4 cxd4
4.Nf3xd4 Ng8f6
5.Nb1c3 Nb8c6
6.Bf1b5 Bc8d7
7.Nd4xc6 bxc6
8.Bb5d3 g6
9.O-O Bf8g7
10.Rf1e1 Qd8c7
11.h3 O-O
12.Bc1f4 Qc7a5
13.Bf4d2 Qa5b6
14.b3 Bd7e6
15.Nc3a4 Qb6c7
16.Bd2c3 c5
17.Na4b2 d5
18.e5 Nf6d7
19.f4 Rf8d8
20.Re1f1 Nd7b6
21.Bc3a5 Qc7d7
22.Kh2 f6
23.exf6 Bg7xf6
24.Ra1b1 Qd7d6
25.g3 Ra8c8
26.Bd3a6 Rc8b8
27.Ba6d3 Rd8f8
28.f5 Be6f7
29.fxg6 Bf7xg6
30.Qd1g4 Bf6xb2
31.Rf1xf8 Rb8xf8
32.Rb1xb2 Rf8f2
33.Kg1 Qd6f6
34.Rb2b1 e6
35.Rb1e1 Kf7
36.Re1xe6 Qf6xe6
37.Qg4xe6 Kxe6
38.Kxf2 Nb6d7
39.Ba5c3 d4
40.Bc3b2 Nd7e5
41.Bd3xg6 hxg6
42.Bb2c1 Kf5
43.Bc1h6 Ke4
44.Bh6f8 c4
45.Ke2 d3
46.Kd2 Ne5f3
47.Kd1 cxb3
48.axb3 dxc2
49.Kxc2 Nf3d4
50.Kb2 Kf3
51.Bf8c5 Nd4b5
52.g4 Kg3
53.g5 Kxh3
54.b4 Kg4
55.Bc5e3 Kf3
56.Be3c5 Kf4
57.Bc5e7 Ke4
58.Kb3 Kd5
59.Ka4 Kc6
60.Ka5 Nb5c7
61.Be7d8 Nc7e6
62.Bd8f6 Kb7
63.Kb5 a6
64.Kc4 Kb6
65.Kd5 Ne6xg5
66.Bf6xg5 Kb5
67.Bg5d2 a5
68.bxa5 Ka6
69.Ke5 Ka7
70.Kf6 Ka8
71.Kxg6 Kb7
72.Kf6 Ka8
73.Ke6 { draw }
1/2-1/2

[Event "Tourn. n9785"]
[Site "www.chess-mail.com"]
[Date "2018.05.27"]
[Round "1"]
[White "Andychesston"]
[Black "Bevittsmith"]
[WhiteElo "2150"]
[BlackElo "2180"]
[Result "0-1"]
[Round "1"]
1.e4 e6
2.d4 d5
3.exd5 exd5
4.Ng1f3 Bf8d6
5.g3 Bc8f5
6.Bf1g2 Ng8f6
7.Bc1g5 Nb8d7
8.O-O O-O
9.Nb1c3 c6
10.a3 Qd8c7
11.Qd1d2 Ra8e8
12.Ra1e1 Nf6e4
13.Nc3xe4 Bf5xe4
14.c3 f6
15.Bg5f4 Bd6xf4
16.Qd2xf4 Qc7xf4
17.gxf4 Kf7
18.Re1e3 Nd7b6
19.b3 Nb6c8
20.Nf3e5 fxe5
21.dxe5 Be4xg2
22.Kxg2 Nc8e7
23.Re3h3 Kg8
24.Kf3 Ne7g6
25.Rh3g3 Rf8xf4
26.Ke3 Re8xe5
27.Kd3 Re5f5
28.f3 Ng6e5
29.Ke3 Rf4h4
30.Rf1g1 g6
31.h3 c5
32.Rg1d1 Ne5c6
33.Kf2 d4
34.cxd4 Nc6xd4
35.Rd1e1 Nd4xb3
36.Re1e8 Kg7
37.Re8e7 Rf5f7
38.Re7xf7 Kxf7
39.Ke3 c4
40.Rg3g1 Rh4d4
41.Rg1b1 Rd4d3
42.Kf4 b5
43.Rb1b2 Rd3d2
44.Rb2b1 Nb3d4
45.a4 a6
46.axb5 Nd4xb5
47.Rb1b4 c3
48.Ke5 Rd2e2
49.Kd5 c2
50.Rb4f4 Ke7
51.Rf4c4 Nb5a3
52.Rc4c7 Kf6
53.Rc7c6 Kf5
54.Kd4 Re2e1
55.Rc6c5 Kf4
{ resign }
0-1

[Event "Tourn. n9785"]
[Site "www.chess-mail.com"]
[Date "2018.05.27"]
[Round "1"]
[White "Coolant"]
[Black "Andychesston"]
[WhiteElo "2290"]
[BlackElo "2140"]
[Result "1-0"]
[Round "1"]
1.d4 d5
2.c4 Ng8f6
3.cxd5 Nf6xd5
4.e4 Nd5b4
5.Qd1a4 Nb4c6
6.d5 Bc8d7
7.dxc6 Bd7xc6
8.Qa4c2 e5
9.Nb1c3 Bf8b4
10.Ng1f3 Nb8d7
11.Bf1c4 Qd8f6
12.O-O Bb4xc3
13.bxc3 h6
14.Bc1a3 Qf6g6
15.Nf3d2 Nd7f6
16.f3 Nf6h5
17.Qc2b3 Nh5f4
18.g3 Nf4e6
19.Bc4xe6 Qg6xe6
20.Qb3xe6 fxe6
21.Nd2c4 Bc6b5
22.Nc4xe5 Bb5xf1
23.Kxf1 c5
24.Ba3xc5 Ra8c8
25.Bc5d4 O-O
26.Ke2 b6
27.a4 Rc8c7
28.a5 b5
29.Ra1b1 a6
30.Ne5d3 Rf8c8
31.Nd3b4 Rc8a8
32.Ke3 Kf7
33.Rb1d1 Rc7d7
34.Rd1d3 g5
35.e5 Kg6
36.Ke4 h5
37.f4 gxf4
38.gxf4 Rd7f7
39.Rd3g3 Kh6
40.h4 Rf7g7
41.Rg3g5 Rg7xg5
42.fxg5 Kg6
43.Bd4c5 Ra8d8
44.Nb4xa6 Rd8a8
45.Na6c7 Ra8xa5
46.Nc7xe6 Ra5a1
47.Ne6f4 Kg7
48.Nf4xh5 Kg6
49.Nh5f4 Kg7
50.h5 Ra1h1
51.h6 Kh7
52.e6 Rh1e1
53.Kf5 Re1f1
54.e7 Rf1e1
55.Nf4e6 Re1f1
56.Ke4 Rf1e1
57.Bc5e3 { resign }
1-0

[Event "Match"]
[Site "www.echecsemail.com"]
[Date "2018.05.27"]
[Round "1"]
[White "Tonino1"]
[Black "Liencam2"]
[WhiteElo "1950"]
[BlackElo "2310"]
[Result "0-1"]
[Round "1"]
1.d4 Ng8f6
2.g4 Nf6xg4
3.e4 d6
4.Bf1e2 Ng4f6
5.Nb1c3 e5
6.dxe5 dxe5
7.Qd1xd8 Kxd8
8.Bc1g5 c6
9.O-O-O Nb8d7
10.Ng1f3 Kc7
11.Rd1d2 Bf8b4
12.Bg5xf6 gxf6
13.Rh1g1 Nd7c5
14.Rg1g7 Bc8e6
15.Be2d3 Ra8d8
16.a3 Bb4a5
17.b4 Nc5xd3
18.cxd3 Ba5b6
19.Nf3h4 Bb6d4
20.Nc3d1 Rd8g8
21.Nh4f5 Be6xf5
22.Rg7xg8 Rh8xg8
23.exf5 Rg8g2
24.f3 Rg2g5
 { time }
0-1